Нормален изглед
MARC изглед
- ядрени реактори
Вход 08. Ключови думи
001 - Контролен номер на записа
- Контролно поле: 449319
003 - Код на организацията, даваща контролен номер
- Контролно поле: BLK
005 - Дата и час на последна промяна на записа
- Контролно поле: 20210419183520.0
008 - Данни с фиксирана дължина – обща информация
- Данни с фиксирана дължина : 210419|| aca||aabn | a|a d
153 ## - Ключови думи
- Ключова дума: ядрени реактори
942 ## - Системна служебна употреба
- Koha auth type: KEW